000 00583nam a22002057a 4500
010 _aA-796637
020 _a0448089432
035 _aA-796637
037 _aCen Lib/Ret
040 _aDPL
_bEN
082 _aS
_bDIX
100 _aDixon, Franklin W.
_9114055
245 _aThe mystery of the aztec warrior /
_cby Franklin W. Dixon
260 _aNew York
_bSimon & Schuster Inc
_c1992
300 _a178p ;
_b24cm
490 _aThe Hardy Boys Mystery stories
650 _aDetective and mystery stories.
_928544
650 _aEnglish stories
_926733
942 _2ddc
_cEN
_hS
_mDIX
999 _c136200
_d136200